[Event "Cto de Aragon por Equipos - Preferente Grupo II"]
[Site ""]
[Date "2022.02.05"]
[Round "2.58"]
[White "Chine Infantes, Miguel Angel"]
[Black "Caballero Ortin, Jorge"]
[Result "1-0"]
[WhiteElo "1811"]
[BlackElo "1740"]
[PlyCount "0"]
[WhiteTeam "Fraga"]
[BlackTeam "Palacio De Pioneros C"]
[EventDate "2022.01.29"]

1. e4 e6 2. Nf3 d5 3. exd5 exd5 4. d4 Nf6 5. Be2 Bd6 6. O-O Bf5 7. Bd3 Ne4 8.
Re1 O-O 9. c4 c6 10. cxd5 cxd5 11. Nc3 Nxc3 12. bxc3 Bxd3 13. Qxd3 Nd7 14. Bg5
Qc7 15. Be7 Bxe7 16. Rxe7 Qd6 17. Ng5 Nf6 18. Rxb7 Qc6 19. Rab1 h6 20. Nf3 Ne4
21. Ne5 Qxc3 22. Qxc3 Nxc3 23. R1b2 Rac8 24. g3 f6 25. Ng6 Rfe8 26. Ne7+ Rxe7
27. Rxe7 Ne4 28. Rd7 Rc1+ 29. Kg2 Nc3 30. Rxa7 Ra1 31. Rc2 Nb5 32. Ra8+ Kh7 33.
Rc5 Nxd4 34. Rxd5 Ne2 35. h4 Nc3 36. Rdd8 h5 37. Rd3 Rxa2 38. Rxa2 Nxa2 39. Rd5
Kg6 40. f3 Nb4 41. Ra5 Nc6 42. Rc5 Ne5 43. Ra5 Nc6 44. Ra8 Ne5 45. Kf2 Nc6 46.
Ke3 Ne5 47. Ra4 Kh6 48. Kf4 Kg6 49. Ra5 Nd3+ 50. Ke3 Ne5 51. Ra1 Nc4+ 52. Kf4
Ne5 53. Ra3 Nc4 54. Rc3 Ne5 55. g4 hxg4 56. fxg4 Nf7 57. Ra3 Nh6 58. Ra7 Kh7
59. g5 Ng8 60. Kf5 Kh8 61. Kg6 fxg5 62. Rxg7 1-0

[Event "Cto de Aragon por Equipos - Preferente Grupo II"]
[Site ""]
[Date "2022.02.05"]
[Round "2.59"]
[White "Quintero Rodriguez, John"]
[Black "Casas Chine, German"]
[Result "0-1"]
[WhiteElo "1783"]
[BlackElo "1775"]
[PlyCount "0"]
[WhiteTeam "Palacio De Pioneros C"]
[BlackTeam "Fraga"]
[EventDate "2022.01.29"]

1. d4 Nf6 2. Nf3 g6 3. Bf4 Bg7 4. e3 O-O 5. c4 d6 6. Nc3 c6 7. Be2 Qc7 8. O-O
Nbd7 9. h3 b6 10. Qc2 Bb7 11. e4 e5 12. dxe5 dxe5 13. Be3 Rac8 14. Rad1 Nc5 15.
Nd2 Ne6 16. Nf3 Nc5 17. Nd2 Ne6 18. Bf3 c5 19. Nd5 Nxd5 20. exd5 Nd4 21. Bxd4
cxd4 22. Qa4 Ra8 23. Rfe1 a5 24. g3 f5 25. Bg2 Qc5 26. Rc1 e4 27. Qd1 Bh6 28.
Nb3 Qd6 29. Nd2 e3 30. fxe3 dxe3 31. Nf1 e2 32. Rxe2 Bxc1 33. Re6 Qc5+ 34. Kh1
Qxc4 35. g4 0-1

[Event "Cto de Aragon por Equipos - Preferente Grupo II"]
[Site ""]
[Date "2022.02.05"]
[Round "2.60"]
[White "Begue Sasot, Fernando"]
[Black "Vicente Gomez, Lorien"]
[Result "1/2-1/2"]
[WhiteElo "1631"]
[BlackElo "1613"]
[PlyCount "0"]
[WhiteTeam "Fraga"]
[BlackTeam "Palacio De Pioneros C"]
[EventDate "2022.01.29"]

1. e4 e5 2. Nf3 Nc6 3. Bb5 a6 4. Ba4 Nf6 5. d3 b5 6. Bb3 Be7 7. c3 d5 8. h3 O-O
9. O-O Nb8 10. Re1 Nbd7 11. Nbd2 Bb7 12. Nf1 c5 13. Ng3 g6 14. Bh6 Re8 15. Ng5
a5 16. exd5 Nxd5 17. N3e4 Bxg5 18. Nxg5 Qf6 19. Ne4 Qe6 20. Qf3 N7f6 21. c4
bxc4 22. dxc4 Nf4 23. Nxf6+ Qxf6 24. Qxb7 Nd3 25. Re2 g5 26. Bc2 Nf4 27. Re3
Qxh6 28. Rxe5 Qf6 29. Rf5 Qg7 30. Kh2 Ne6 31. Bb3 f6 32. Qxg7+ Kxg7 33. Rd5
Rad8 34. Rad1 Nd4 35. Rxc5 Nxb3 36. Rxd8 Rxd8 37. axb3 Rb8 38. Rxa5 Rxb3 39.
Ra3 Rxb2 40. Kg3 Rc2 41. Ra4 Rc3+ 1/2-1/2

[Event "Cto de Aragon por Equipos - Preferente Grupo II"]
[Site ""]
[Date "2022.02.05"]
[Round "2.61"]
[White "Veras Sanz, Marino"]
[Black "Franco Ibanez, Carlos"]
[Result "1-0"]
[WhiteElo "2062"]
[BlackElo "1913"]
[PlyCount "0"]
[WhiteTeam "El Olivar B"]
[BlackTeam "Shatranj"]
[EventDate "2022.01.29"]


1. e4 e5 2. Nf3 Nc6 3. d4 exd4 4. Nxd4 Bc5 5. Nb3 Bb4+ 6. c3 Be7 7. f4 d6 8. Bc4

Bh4+ 9. g3 Bf6 10. O-O Bh3 11. Bxf7+ Kf8 12. Re1 Qd7 13. Bc4 h5 14. Be2 Nh6 
15.
f5 Ne5 16. Nd4 Bg4 17. Qb3 c6 18. Ne6+ Ke7 19. Bf4 g6 20. Bxg4 hxg4 21. Bxe5 Bxe5

22. f6+ Bxf6 23. Nf4 Rhg8 24. e5 Bxe5 25. Nd2 Kd8 26. Ne4 Re8 27. Rad1 b6 28. Nxg6

Kc7 29. Nxe5 Rxe5 30. Rxd6 Qxd6 31. Nxd6 Rxe1+ 32. Kf2 Re7 33. Nc4 Rf8+ 34. Kg1

Re1+ 35. Kg2 Re2+ 36. Kg1 Rff2 37. Qa3 Nf5 38. Qxa7+ Kd8 39. Qxb6+  1-0

[Event "Cto de Aragon por Equipos - Preferente Grupo II"]
[Site ""]
[Date "2022.02.05"]
[Round "2.62"]
[White "Ballonga Arruego, Alejandro"]
[Black "Galve Guinea, Alejandro"]
[Result "1/2-1/2"]
[WhiteElo "1676"]
[BlackElo "1984"]
[PlyCount "0"]
[WhiteTeam "Shatranj"]
[BlackTeam "El Olivar B"]
[EventDate "2022.01.29"]


1. c4 Nf6 2. Nc3 g6 3. Nf3 Bg7 4. g3 O-O 5. Bg2 d5 6. cxd5 Nxd5 7. O-O Nc6 8. Qb3

Nb6 9. d3 e5 10. Bg5 Qd7 11. Ne4 Qf5 12. Nc5 Nd4 13. Nxd4 exd4 14. Ne4 Be6 15. Qb4

Bd5 16. Be7 Rfe8 17. Bc5  1/2-1/2

[Event "Cto de Aragon por Equipos - Preferente Grupo II"]
[Site ""]
[Date "2022.02.05"]
[Round "2.63"]
[White "Bailo Remacha, Santiago"]
[Black "Santos Hernandez, Higinio"]
[Result "0-1"]
[WhiteElo "1940"]
[BlackElo "1418"]
[PlyCount "0"]
[WhiteTeam "El Olivar B"]
[BlackTeam "Shatranj"]
[EventDate "2022.01.29"]


1. c4 c5 2. Nc3 Nf6 3. g3 b6 4. Bg2 Nc6 5. a3 e6 6. Nf3 Bb7 7. O-O Be7 8. e3 O-O

9. d4 cxd4 10. exd4 d5 11. Ne5 Rc8 12. cxd5 Nxd5 13. Nxd5 exd5 14. Qg4 Bf6 15. Nd7

Re8 16. Bxd5 Rc7 17. Nxf6+ Qxf6 18. Be3 Rd8 19. Bg5 Qg6 20. Bxc6 Bxc6 21. Qf4 Rdc8

22. Rac1 h6 23. d5 hxg5 24. Qe5 Qf6 25. Qxf6 gxf6 26. Rxc6 Rxc6 27. dxc6 Rxc6 
28.
Re1 Kf8 29. Re3 Rc2 30. b3 Ra2 31. a4 Rc2 32. h3 Rc7 33. Kg2 Rc2 34. Kf3 Rc1 3
5.
Ke4 Rc5 36. Kd4 Rc2 37. f4 Rh2 38. g4 gxf4 39. Rf3 Ke7 40. Ke4 Rh1 41. Kxf4 Rd1

42. Re3+ Kf8 43. h4 Rd4+ 44. Kf5 Kg7 45. Re4 Rd5+ 46. Kf4 Rd3 47. Rb4 Rd1 48. Ke4

Kf8 49. Rd4 Re1+ 50. Kd5 Re5+ 51. Kc6 Re3 52. b4 Re6+ 53. Kb7 Re7+ 54. Kb8 Kg7 55.
b5 Kg6 
56. Rc4 f5 57. Rc6+ f6 58. g5 Rf7 59. Rxf6+ Rxf6 60. gxf6 f4 61. h5+ Kxf6

62. Kxa7 f3 63. a5 f2 64. axb6 f1=Q 65. b7 Qa1+ 66. Kb6 Qe5 67. Ka7 Qe7 68. Ka8

Qa3+ 69. Kb8 Kg5 70. Kc8 Qc5+ 71. Kd8 Qxb5 72. Kc7  0-1

[Event "Cto de Aragon por Equipos - Preferente Grupo II"]
[Site ""]
[Date "2022.02.05"]
[Round "2.64"]
[White "Alvaro Rada, Gonzalo"]
[Black "Munoz Valles, Jorge"]
[Result "0-1"]
[WhiteElo "1272"]
[BlackElo "1851"]
[PlyCount "0"]
[WhiteTeam "Shatranj"]
[BlackTeam "El Olivar B"]
[EventDate "2022.01.29"]

1. e4 d6 2. d4 Nf6 3. Nc3 Nbd7 4. g4 h6 5. Be3 e5 6. d5 Be7 7. Bg2 c6 8. h3 Nb6 9.
b3 cxd5 
10. Nxd5 Nbxd5 11. exd5 b5 12. Ne2 a5 13. Nc3 Ba6 14. a4 b4 15. Ne4 Qc7

16. Nxf6+ Bxf6 17. Be4 Qc3+ 18. Bd2 Qd4 19. Bf3 e4 20. Be2 Qxa1 21. Qxa1 Bxa1 
22.
Bxa6 Rxa6 23. O-O Bc3 24. Be3 Ra8 25. f4 exf3 26. Rxf3 O-O 27. Kg2 Rfe8 28. g5 hxg5

29. Bxg5 Re2+ 30. Rf2 Rxf2+ 31. Kxf2 Re8 32. Kf3 Re5 33. Bd8 Rxd5 34. Ke4 Rh5 35.
Bc7 Rxh3 
36. Bxd6 Rh1 37. Bc7 Rh5 38. Kd3 Rf5 39. Bb6 g5 40. Ke4 Re5+ 41. Kf3 f5

42. Bc7 Kf7 43. Bd8 Bd2 44. Bc7 Bf4 45. Bb6 Ke7 46. Bd4 g4+ 47. Kg2 Re2+ 48. Kf1

Be3 49. Kxe2 Bxd4 50. Kd3 g3 51. Ke2 g2  0-1

[Event "Cto de Aragon por Equipos - Preferente Grupo II"]
[Site ""]
[Date "2022.02.05"]
[Round "2.65"]
[White "Carrasquer Alonso, Fernando"]
[Black "Jario Garcia, Ricardo"]
[Result "0-1"]
[WhiteElo "1875"]
[BlackElo "2010"]
[PlyCount "0"]
[WhiteTeam "Jaque - Pirenauto B"]
[BlackTeam "Marcos Frechin B"]
[EventDate "2022.01.29"]

1. e4 c5 2. Nf3 Nc6 3. c3 d5 4. exd5 Qxd5 5. d4 Bg4 6. dxc5 Qxd1+ 7. Kxd1 e6 8.
Be3 Nf6 9. Nbd2 Nd5 10. Nb3 Be7 11. Be2 O-O 12. Nfd4 Ne5 13. Bxg4 Nxg4 14. Ke2
Rac8 15. Rad1 Ngxe3 16. fxe3 Bxc5 17. Nxc5 Rxc5 18. Rd3 Nb6 19. b3 e5 20. Nc2
e4 21. Rd4 Rxc3 22. Na3 f5 23. Rhd1 Rc5 24. b4 Re5 25. Nc4 Nxc4 26. Rxc4 Re7
27. a4 Kf7 28. Rd6 Rfe8 29. b5 Re6 30. Rd7+ R6e7 31. Rd6 Re6 32. Rd7+ R8e7 33.
Rd8 Re5 34. Ra8 b6 35. Rd8 Rb7 36. Rc6 Ree7 37. Rdc8 Rbd7 38. Rc3 Rd5 39. R8c7
Red7 40. Rc2 Rd2+ 41. Ke1 R2d3 42. Ke2 Ke7 43. R7c4 g6 44. Rc8 Kf6 45. R8c7 Ke6
46. R7c6+ Ke7 47. Rc8 Kf6 48. h4 Kg7 49. h5 Kh6 50. hxg6 hxg6 51. R8c7 Rd2+ 52.
Kf1 Rd1+ 53. Ke2 Kg5 54. R7c6 Ra1 55. R6c4 Rd3 56. Rd4 Raa3 57. Rc6 Ra2+ 58.
Kf1 Ra1+ 59. Kf2 Rxd4 60. exd4 Rxa4 61. d5 Rd4 62. d6 Kf4 63. d7 Rxd7 64. Rxg6
Rd2+ 65. Kf1 Ke3 0-1

[Event "Cto de Aragon por Equipos - Preferente Grupo II"]
[Site ""]
[Date "2022.02.05"]
[Round "2.66"]
[White "Lopez Lozano, David"]
[Black "Montoro Mavilla, Sergio"]
[Result "0-1"]
[WhiteElo "1745"]
[BlackElo "1784"]
[PlyCount "0"]
[WhiteTeam "Marcos Frechin B"]
[BlackTeam "Jaque - Pirenauto B"]
[EventDate "2022.01.29"]

1. c4 Nf6 2. Nc3 e6 3. e4 d6 4. g3 Be7 5. Bg2 e5 6. Nge2 Nbd7 7. d3 h5 8. h4
Nc5 9. Be3 c6 10. d4 exd4 11. Bxd4 Ne6 12. Qb3 Ng4 13. Qc2 Nxd4 14. Nxd4 Bf6
15. O-O-O Bxd4 16. Rxd4 Qf6 17. Rhd1 Be6 18. Rxd6 Qxf2 19. Qxf2 Nxf2 20. R1d2
Ng4 21. b3 Ne3 22. e5 Bxc4 23. bxc4 Nxc4 24. R2d4 Nxd6 25. exd6 Rd8 26. Bh3 g6
27. Re4+ Kf8 28. d7 f5 29. Re6 Rg8 30. Na4 Rxd7 31. Nc5 Rd5 32. Nxb7 Kf7 33.
Rxc6 Rb8 34. Nc5 Rb5 35. Nb3 Re5 36. Rc3 Rbd5 37. Kb2 a5 38. Ka3 Rd1 39. Bg2
Rg1 40. Bc6 Ree1 41. Nxa5 Rc1 42. Re3 Rce1 43. Rd3 Rd1 44. Rb3 Rb1 45. Bd5+ Kf6
46. Re3 Rbe1 47. Rc3 Ke5 48. Bf7 f4 49. gxf4+ Kxf4 50. Nb3 Re7 51. Bc4 Kg4 52.
Bd3 Kxh4 53. Bxg6 Rxg6 54. Nd4 Ra7+ 55. Kb3 Rb6+ 56. Kc4 Rxa2 57. Kd3 Rf6 58.
Ke4 Kg4 59. Rc1 Rf4+ 60. Kd3 Ra3+ 0-1

[Event "Cto de Aragon por Equipos - Preferente Grupo II"]
[Site ""]
[Date "2022.02.05"]
[Round "2.67"]
[White "Torrente Gayarre, Lorenzo"]
[Black "Sanz Parron, Laura"]
[Result "1-0"]
[WhiteElo "1624"]
[BlackElo "1717"]
[PlyCount "0"]
[WhiteTeam "Jaque - Pirenauto B"]
[BlackTeam "Marcos Frechin B"]
[EventDate "2022.01.29"]


1. d4 d5 2. Nf3 Nf6 3. e3 e6 4. Bd3 Bd6 5. O-O O-O 6. b3 c5 7. Bb2 b6 8. Nbd2
Bb7 9. c4 Re8 10. Re1 Ne4 11. Qc2 f5 12. Ne5 Nxd2 13. Qxd2 Bxe5 14. dxe5 dxc4
15. bxc4 Qg5 16. f4 Qg6 17. Qe2 Rd8 18. Rad1 Nc6 19. e4 Nb4 20. exf5 Qxg2+ 21.
Qxg2 Bxg2 22. Bb1 Bh3 23. a3 Na6 24. Be4 Rab8 25. fxe6 Bxe6 26. Bd5 Nc7 27.
Bxe6+ Nxe6 28. f5 Nd4 29. Bxd4 Rxd4 30. Rxd4 cxd4 31. Rd1 Rd8 32. Kg2 Kf7 33.
Kf3 Ke7 34. Ke4 Rc8 35. Rxd4 Rc5 36. h4 Ra5 37. e6 Rxa3 38. Rd7+ Kf8 39. Rd8+
Ke7 40. Rg8 Kf6 41. Rf8+ Ke7 42. Rf7+ Kd8 43. Rxg7 Ra1 44. f6 1-0

[Event "Cto de Aragon por Equipos - Preferente Grupo II"]
[Site ""]
[Date "2022.02.05"]
[Round "2.68"]
[White "Perez Tomas, Juan Manuel"]
[Black "Vinuales Ferro, Antonio"]
[Result "0-1"]
[WhiteElo "1638"]
[BlackElo "1601"]
[PlyCount "0"]
[WhiteTeam "Marcos Frechin B"]
[BlackTeam "Jaque - Pirenauto B"]
[EventDate "2022.01.29"]

1. e4 c5 2. Ne2 e6 3. d4 cxd4 4. Nxd4 Nf6 5. Nc3 d6 6. g4 a6 7. Be3 b5 8. Bg2
Bb7 9. g5 Nfd7 10. a3 Nb6 11. Qf3 N8d7 12. Qh3 e5 13. Nf5 g6 14. Nh6 Nc4 15.
O-O-O Qc7 16. Ng4 Rc8 17. Kb1 Nxb2 18. Bd2 Nxd1 19. Rxd1 b4 20. axb4 Qc4 21.
Bf1 Qxb4+ 22. Ka2 Rc5 23. Ka1 Qa3+ 24. Na2 Qxh3 25. Bxh3 Bxe4 26. Nf6+ Nxf6 27.
gxf6 d5 28. Rb1 Rb5 29. Rxb5 axb5 30. Nc3 Bf5 31. Bf1 Bb4 32. Kb2 d4 0-1

[Event "Cto de Aragon por Equipos - Preferente Grupo II"]
[Site ""]
[Date "2022.02.05"]
[Round "2.69"]
[White "Gutierrez Mingueza, Ruben"]
[Black "Arrieta Restrepo, Steven"]
[Result "0-1"]
[WhiteElo "2043"]
[BlackElo "2031"]
[PlyCount "0"]
[WhiteTeam "San Jose"]
[BlackTeam "Monzon"]
[EventDate "2022.01.29"]

1. c4 e5 2. d3 Nc6 3. Nf3 d6 4. g3 f5 5. Bg2 Nf6 6. O-O Be7 7. Nc3 O-O 8. Rb1
a5 9. a3 Qe8 10. b4 axb4 11. axb4 Qh5 12. b5 Nd8 13. e3 f4 14. exf4 exf4 15.
Bxf4 Bg4 16. h3 Bxh3 17. Bxh3 Qxh3 18. Ng5 Qd7 19. Kg2 h6 20. Nge4 Nxe4 21.
dxe4 Qe6 22. Qd5 Bf6 23. Rb3 Re8 24. f3 Kh8 25. Be3 Bxc3 26. Rxc3 Ra2+ 27. Rf2
Ra4 28. Rd2 Qf6 29. Bd4 Qg6 30. c5 Ne6 31. Be3 dxc5 32. Qxb7 Rf8 33. e5 Qh5 34.
Qd5 Ra1 35. Bg1 Nf4+ 36. gxf4 Qg6+ 37. Kf2 Qxg1+ 38. Ke2 Qf1+ 0-1

[Event "Cto de Aragon por Equipos - Preferente Grupo II"]
[Site ""]
[Date "2022.02.05"]
[Round "2.70"]
[White "Barranco Mananet, Fernando"]
[Black "Ferreruela Romero, Jose Joaquin"]
[Result "1-0"]
[WhiteElo "1981"]
[BlackElo "2007"]
[PlyCount "0"]
[WhiteTeam "Monzon"]
[BlackTeam "San Jose"]
[EventDate "2022.01.29"]

1. e4 c5 2. Nc3 a6 3. Nf3 b5 4. d4 cxd4 5. Nxd4 e6 6.
a3 Bb7 7. Bd3 Qc7 8. O-O Nf6 9. Qe2 d6 10. Bd2 Be7 11. a4 b4 12. Na2 d5 13. e5
Nfd7 14. Rfe1 Qb6 15. Qg4 g6 16. a5 Qxa5 17. Nxb4 Qb6 18. c3 Nc5 19. Bc2 h5 20.
Qg3 a5 21. Na2 h4 22. Qh3 Ne4 23. Be3 Qd8 24. f3 Nc5 25. b4 Ncd7 26. Nxe6 Qc8
27. Ng7+ Kf8 28. Ne6+ fxe6 29. Qxe6 Ra6 30. Qg4 Nxe5 31. Qf4+ Nf7 32. Bd4 Bd6
33. Qe3 Rg8 34. Bd3 Ra8 35. Bb5 Nc6 36. Bc5 Qd8 37. Bb6 Qf6 38. Bxc6 Bxc6 39.
bxa5 Qf4 40. Qxf4 Bxf4 41. Nb4 Rc8 42. Bc5+ Bd6 43. Bxd6+ Nxd6 44. Re6 Nb5 45.
Rxc6 Rxc6 46. Nxc6 Ke8 47. Rb1 Kd7 48. Ne5+ Kd6 49. Nf7+ Kc5 50. a6 Re8 51.
Rxb5+ Kc4 1-0

[Event "Cto de Aragon por Equipos - Preferente Grupo II"]
[Site ""]
[Date "2022.02.05"]
[Round "2.71"]
[White "Serrano San Nicolas, Angel"]
[Black "Garreta Nieto, Maria"]
[Result "1-0"]
[WhiteElo "1961"]
[BlackElo "1748"]
[PlyCount "0"]
[WhiteTeam "San Jose"]
[BlackTeam "Monzon"]
[EventDate "2022.01.29"]

1. e4 c6 2. d4 d5 3. f3 Nd7 4. Be3 e6 5. Nd2 c5 6. c3 b6 7. Bd3 Bb7 8. Ne2 Rc8
9. O-O Ne7 10. Ng3 Ng6 11. e5 Be7 12. f4 Nh4 13. Qg4 g6 14. f5 Nxf5 15. Nxf5
exf5 16. Bxf5 h5 17. Qxg6 Nxe5 18. Qg3 Ng4 19. Bf4 Rc6 20. Rae1 Bc8 21. Bxc8
Qxc8 22. Bd6 Rxd6 23. Qxd6 Qd8 24. Qxd8+ Kxd8 25. h3 Nh6 26. Re5 cxd4 27. cxd4
Kd7 28. Rxd5+ Kc6 29. Rxh5 1-0

[Event "Cto de Aragon por Equipos - Preferente Grupo II"]
[Site ""]
[Date "2022.02.05"]
[Round "2.72"]
[White "Ocabo Vera, Pedro Aristides"]
[Black "Palomar Ramon, Santiago"]
[Result "1-0"]
[WhiteElo "1632"]
[BlackElo "1900"]
[PlyCount "0"]
[WhiteTeam "Monzon"]
[BlackTeam "San Jose"]
[EventDate "2022.01.29"]

1. d4 Nf6 2. Bf4 c5 3. e3 g6 4. Be2 Bg7 5. Nd2 d6 6. Ngf3 Nbd7 7. c3 O-O 8. h4
h5 9. Bg5 Re8 10. Nh2 Nf8 11. g4 Nxg4 12. Nxg4 hxg4 13. Bxg4 Bxg4 14. Qxg4 Qc8
15. Qg2 e5 16. d5 f6 17. Ne4 fxg5 18. Nxd6 Qd7 19. Nxe8 Rxe8 20. hxg5 e4 21.
O-O-O Qa4 22. Rh4 b5 23. Rd2 Qxa2 24. Rxe4 Qa1+ 25. Kc2 Rb8 26. Qh2 Nd7 27. Re7
b4 28. Qd6 bxc3 29. Rxg7+ Kxg7 30. Qxd7+ Kh8 31. Qh3+ Kg8 32. Kxc3 Qa5+ 33. Kd3
Qa6+ 1-0

[Event "Cto de Aragon por Equipos - Preferente Grupo II"]
[Site ""]
[Date "2022.02.12"]
[Round "3.53"]
[White "Arrieta Restrepo, Steven"]
[Black "Ruiz Fernandez, Daniel"]
[Result "1-0"]
[WhiteElo "2031"]
[BlackElo "1803"]
[PlyCount "0"]
[WhiteTeam "Monzon"]
[BlackTeam "MyInvestor Casablanca C"]
[EventDate "2022.01.29"]

1. e4 c5 2. Nc3 d6 3. f4 g6 4. Nf3 Bg7 5. Bb5+ Bd7 6. Bc4 Nc6 7. d3 Na5 8. Bd2
Nxc4 9. dxc4 Nf6 10. Qe2 O-O 11. O-O-O a6 12. e5 Ne8 13. Rhe1 e6 14. exd6 Bc6
15. Ne5 Nxd6 16. Be3 Qc7 17. Bxc5 Rfd8 18. Bxd6 Rxd6 19. Rxd6 Qxd6 20. Rd1 Qc7
21. g3 Rd8 22. Rxd8+ Qxd8 23. Nxc6 bxc6 24. Qf3 Qd4 25. Qxc6 Qe3+ 26. Kd1 Qg1+
27. Kd2 Qxh2+ 28. Ne2 Bxb2 29. Qf3 Qh3 30. c3 Qf5 31. Qa8+ Kg7 32. Qxa6 Qc5 33.
Qb5 Qd6+ 34. Kc2 Ba3 35. Nd4 Bc5 36. a4 h5 37. a5 Kf6 38. Nf3 Kg7 39. a6 Qc7
40. Ne5 f6 41. Nd7 Ba7 42. Qb7 Qxb7 43. axb7 g5 44. fxg5 fxg5 45. Kd3 h4 46.
gxh4 gxh4 47. Ke2 Kf7 48. Ne5+ Ke7 49. Nc6+ Kd7 50. Nxa7 Kc7 51. Nc6 Kxb7 52.
Nd8+ Kc7 53. Nxe6+ Kd6 54. Nf4 Kc5 55. Kd3 1-0

[Event "Cto de Aragon por Equipos - Preferente Grupo II"]
[Site ""]
[Date "2022.02.12"]
[Round "3.54"]
[White "Bello Cera, Raul"]
[Black "Barranco Mananet, Fernando"]
[Result "0-1"]
[WhiteElo "1641"]
[BlackElo "1981"]
[PlyCount "0"]
[WhiteTeam "MyInvestor Casablanca C"]
[BlackTeam "Monzon"]
[EventDate "2022.01.29"]

1. e4 c5 2. Nf3 e6 3. d3 d5 4. Qe2 dxe4 5. dxe4 Nc6 6. g3 Nge7 7. Bg2 Ng6 8.
O-O Be7 9. e5 O-O 10. c4 Qc7 11. Re1 b6 12. Nc3 a6 13. h4 Rd8 14. h5 Nf8 15. h6
Ng6 16. hxg7 Bb7 17. Bf4 Nd4 18. Nxd4 cxd4 19. Bxb7 Qxb7 20. Ne4 Nxf4 21. gxf4
Kxg7 22. Rad1 Kh8 23. Rd3 Rg8+ 24. Kh2 Rg6 25. Qh5 Rag8 26. Rh3 Rg2+ 27. Kh1
Qxe4 0-1

[Event "Cto de Aragon por Equipos - Preferente Grupo II"]
[Site ""]
[Date "2022.02.12"]
[Round "3.55"]
[White "Hidalgo Gracia, Andres"]
[Black "Sese Serrano, Isaac"]
[Result "1-0"]
[WhiteElo "1817"]
[BlackElo "1262"]
[PlyCount "0"]
[WhiteTeam "Monzon"]
[BlackTeam "MyInvestor Casablanca C"]
[EventDate "2022.01.29"]

1. c4 Nf6 2. Nc3 e6 3. g3 c5 4. Bg2 Be7 5. e4 d6 6. Nge2 O-O 7. O-O Nbd7 8. d3
Ne8 9. f4 b6 10. d4 Bb7 11. d5 e5 12. Be3 Nef6 13. h3 Bc8 14. g4 h5 15. gxh5
Nxh5 16. Bf3 Ndf6 17. fxe5 dxe5 18. Kh2 Qd7 19. Ng1 Nf4 20. Bxf4 exf4 21. e5
Nh7 22. d6 1-0

[Event "Cto de Aragon por Equipos - Preferente Grupo II"]
[Site ""]
[Date "2022.02.12"]
[Round "3.56"]
[White "Perez Artigues, Ramon"]
[Black "Garreta Nieto, Maria"]
[Result "0-1"]
[WhiteElo "1145"]
[BlackElo "1748"]
[PlyCount "0"]
[WhiteTeam "MyInvestor Casablanca C"]
[BlackTeam "Monzon"]
[EventDate "2022.01.29"]

1. e4 c6 2. d4 d5 3. Nc3 dxe4 4. Nxe4 Bf5 5. Ng3 Bg6 6. Nf3 Nd7 7. Be2 e6 8.
O-O Ngf6 9. c4 Be7 10. Qb3 Qc7 11. Bd2 O-O 12. Rac1 c5 13. d5 exd5 14. cxd5 Nb6
15. Bc4 Nxc4 16. Qxc4 Rfd8 17. Bf4 Bd6 18. Bxd6 Qxd6 19. Qxc5 Qxc5 20. Rxc5
Nxd5 21. Rd1 Nf4 22. Rxd8+ Rxd8 23. h3 Ne6 24. Rc3 h6 25. Ne5 Bh7 26. Rf3 f6
27. Ng4 Rd7 28. Rb3 b6 29. Rb4 Nc5 30. a3 Bg6 31. f4 Rd1+ 32. Nf1 Bd3 33. Nge3
Rb1 34. g4 Kf7 35. f5 Bxf1 36. Nxf1 Ke7 37. Kf2 Nd3+ 0-1

[Event "Cto de Aragon por Equipos - Preferente Grupo II"]
[Site ""]
[Date "2022.02.12"]
[Round "3.57"]
[White "Sanz Parron, Laura"]
[Black "Gutierrez Mingueza, Ruben"]
[Result "1-0"]
[WhiteElo "1717"]
[BlackElo "2043"]
[PlyCount "0"]
[WhiteTeam "Marcos Frechin B"]
[BlackTeam "San Jose"]
[EventDate "2022.01.29"]

1. e4 c5 2. Nf3 Nc6 3. Bb5 g6 4. Bxc6 bxc6 5. O-O Bg7 6. Re1 Nh6 7. h3 O-O 8.
c3 d6 9. d3 Qb6 10. Qc2 Rb8 11. Nbd2 f6 12. b3 Qc7 13. Nf1 Nf7 14. Bf4 e5 15.
Be3 f5 16. exf5 Bxf5 17. Ng3 Bd7 18. Ne4 Rbe8 19. Qd2 Nd8 20. Nh2 Ne6 21. Rad1
Nf4 22. d4 cxd4 23. cxd4 Nd5 24. Bh6 Bxh6 25. Qxh6 exd4 26. Ng5 Rxe1+ 27. Rxe1
Bf5 28. Nhf3 d3 29. Nd4 d2 30. Rd1 Re8 31. Ngf3 Qg7 32. Nxf5 gxf5 33. Qxd6 Nc3
34. Rxd2 Ne4 35. Qxc6 Rf8 36. Rd7 Qa1+ 37. Kh2 Nxf2 38. Qe6+ Kh8 39. Qe7 Qh1+
40. Kg3 Ne4+ 41. Kh4 1-0

[Event "Cto de Aragon por Equipos - Preferente Grupo II"]
[Site ""]
[Date "2022.02.12"]
[Round "3.58"]
[White "Ferreruela Romero, Jose Joaquin"]
[Black "Garcia Mendez, Beatriz"]
[Result "1-0"]
[WhiteElo "2007"]
[BlackElo "1692"]
[PlyCount "0"]
[WhiteTeam "San Jose"]
[BlackTeam "Marcos Frechin B"]
[EventDate "2022.01.29"]

1. d4 Nf6 2. c4 g6 3. Nc3 Bg7 4. e4 d6 5. Be2 O-O 6. Nf3 e5 7. d5 Nbd7 8. Bg5
h6 9. Bh4 g5 10. Bg3 Nc5 11. Nd2 a5 12. h3 Ne8 13. Nb3 Nxb3 14. axb3 f5 15.
exf5 Bxf5 16. Bg4 Qf6 17. O-O Qg6 18. Bxf5 Qxf5 19. b4 b6 20. bxa5 Rxa5 21.
Rxa5 bxa5 22. Qe2 Nf6 23. Ra1 h5 24. f3 g4 25. fxg4 hxg4 26. Rf1 Qg6 27. h4 e4
28. Be1 Ra8 29. Nb5 Qf7 30. Bc3 g3 31. Qe3 Qg6 32. Nxc7 Ng4 33. Qg5 Qxg5 34.
hxg5 Bxc3 35. bxc3 Rc8 36. Ne6 Nf2 37. c5 e3 38. cxd6 Nd3 39. d7 Rd8 40. Nxd8
e2 41. Ne6 1-0

[Event "Cto de Aragon por Equipos - Preferente Grupo II"]
[Site ""]
[Date "2022.02.12"]
[Round "3.59"]
[White "Perez Tomas, Juan Manuel"]
[Black "Serrano San Nicolas, Angel"]
[Result "0-1"]
[WhiteElo "1638"]
[BlackElo "1961"]
[PlyCount "0"]
[WhiteTeam "Marcos Frechin B"]
[BlackTeam "San Jose"]
[EventDate "2022.01.29"]

1. e4 d5 2. exd5 Qxd5 3. Nc3 Qd6 4. Nf3 Nf6 5. d4 c6 6. g3 Bg4 7. Bg2 h6 8. Qd3
Qe6+ 9. Be3 Na6 10. a3 Bh3 11. Bxh3 Qxh3 12. Ne5 Nc7 13. Qc4 Qe6 14. Qb4 O-O-O
15. Qa4 Na6 16. Ne2 g5 17. c4 Ng4 18. Nxg4 Qxg4 19. b4 Qe4 20. O-O e5 21. b5
exd4 22. Nxd4 Nc5 23. Qxa7 Rxd4 24. Bxd4 Qxd4 25. Rfd1 Qf6 26. Qa8+ Kc7 27. b6+
Kxb6 28. Rab1+ Kc7 29. Qa5+ Kc8 30. Re1 Bd6 31. a4 h5 32. Re3 h4 33. Rbe1 Ne6
34. Kg2 hxg3 35. hxg3 Bc5 36. R3e2 Qh6 37. Rxe6 Qh3+ 38. Kf3 Qf5+ 39. Ke2 Qxe6+
40. Kd2 Rd8+ 0-1

[Event "Cto de Aragon por Equipos - Preferente Grupo II"]
[Site ""]
[Date "2022.02.12"]
[Round "3.60"]
[White "Palomar Ramon, Santiago"]
[Black "Atares Buisan, Sergio"]
[Result "1-0"]
[WhiteElo "1900"]
[BlackElo "1513"]
[PlyCount "0"]
[WhiteTeam "San Jose"]
[BlackTeam "Marcos Frechin B"]
[EventDate "2022.01.29"]

1. e4 c5 2. Nf3 Nc6 3. Bb5 Qc7 4. Nc3 e6 5. O-O g6 6. Bxc6 dxc6 7. b3 Bg7 8.
Bb2 Nf6 9. Na4 b6 10. Qe2 Bb7 11. c4 h5 12. h4 O-O-O 13. Bxf6 Bxf6 14. e5 Bxh4
15. Nxh4 g5 16. Nf3 Rdg8 17. Nc3 h4 18. Ne4 g4 19. Nd6+ Kb8 20. Nh2 f5 21. f4
g3 22. Nf3 Rg4 23. Ng5 h3 24. gxh3 Rgh4 25. Kg2 Qg7 26. Rf3 Bc8 27. Rxg3 Rg8
28. Rf1 Bd7 29. Rff3 Qe7 30. Qf2 Be8 31. Nxe8 Qxe8 32. Rd3 Qh5 33. Qf3 Qe8 34.
Rd6 Rh6 35. Qxc6 Qh5 36. Qf3 Qe8 37. Kf2 Rh4 38. Nxe6 Rxg3 39. Qxg3 Qh5 40. Qg7
Rxf4+ 41. Nxf4 Qh4+ 42. Kf3 b5 43. Qg8+ Kb7 44. Qd5+ Kc8 45. Qa8+ Kc7 46. Nd5#
1-0